| 000 | 00552nam a2200169 a 4500 | ||
|---|---|---|---|
| 005 | 20220616063938.0 | ||
| 008 | 120731s1988 mx r 000 0 spa d | ||
| 035 | _aUPN01000185755 | ||
| 049 | _aCG | ||
| 050 | 4 |
_aQA36 _bP4.4 |
|
| 100 | 1 |
_aPeralta González Rubio, Dulce María _939909 |
|
| 245 | 1 | 0 |
_aDidáctica de las matemáticas / _cDulce María Peralta González Rubio. |
| 260 |
_aMéxico : _bCONALEP, _cc1988. |
||
| 300 |
_a211 p. : _bil., tablas, gráfs. |
||
| 650 | 4 |
_aMatemáticas _xEstudio y enseñanza (Media superior) _96221 |
|
| 905 | _aLibro | ||
| 999 |
_c157858 _d157858 |
||